| 000 | 00500nam a22001937a 4500 | ||
|---|---|---|---|
| 005 | 20230726100946.0 | ||
| 008 | 230726b |||||||| |||| 00| 0 eng d | ||
| 020 | _a9780495385745 | ||
| 082 |
_a530 _bJEW-P |
||
| 100 | _aJEWETT,SERWAY | ||
| 245 | _aPHYSICS FOR SCIENTISTS&ENGINEERS WITH MODREN PHYSICS | ||
| 250 | _a7th.ed. | ||
| 260 |
_aUSA _bBROOKS/COLE CENGAE Learning _c2005 |
||
| 300 | _a1392 | ||
| 500 | _ainclude index | ||
| 650 | _aEngineering | ||
| 700 | _aSERWAY JEWETT | ||
| 999 |
_c33145 _d33145 |
||